Electronic governance in India: a study of pilot projects in Andhra Pradesh (Record no. 490912)

000 -LEADER
fixed length control field 00535cam a22001457a 4500
008 - FIXED-LENGTH DATA ELEMENTS--GENERAL INFORMATION
fixed length control field 180718b2001 xxu||||| |||| 00| 0 eng d
082 ## - DEWEY DECIMAL CLASSIFICATION NUMBER
Classification number APPPA 2000-01 RED
100 ## - MAIN ENTRY--PERSONAL NAME
Personal name Reddy, P.N.
245 ## - TITLE STATEMENT
Title Electronic governance in India: a study of pilot projects in Andhra Pradesh
Statement of responsibility, etc. by P.N. Reddy
260 ## - PUBLICATION, DISTRIBUTION, ETC.
Place of publication, distribution, etc. New Delhi
Name of publisher, distributor, etc. Indian Institute of Public Administration
Date of publication, distribution, etc. 2001
300 ## - PHYSICAL DESCRIPTION
Extent 106p.
650 ## - SUBJECT ADDED ENTRY--TOPICAL TERM
Topical term or geographic name entry element Public administration - Andhra Pradesh
650 ## - SUBJECT ADDED ENTRY--TOPICAL TERM
Topical term or geographic name entry element Governance - India
650 ## - SUBJECT ADDED ENTRY--TOPICAL TERM
Topical term or geographic name entry element Information technolohy - Case study - Andhara Pradesh
Holdings
Withdrawn status Lost status Damaged status Not for loan Permanent Location Current Location Date acquired Full call number Barcode Date last seen Price effective from Koha item type
        Indian Institute of Public Administration Indian Institute of Public Administration 2018-08-04 APPPA 2000-01 RED GR15497 2018-08-04 2018-08-04 GR

Powered by Koha